000 00633nam a2200229Ia 4500
001 dia_6862
003 CHAP
008 220117s1970 xx 000 0 und d
010 _a178208
040 _cCHAP
090 _aF 247 1970
110 _aSociedad Mexicana de Fruticultura
_9108089
245 _aEl cultivo del aguacate en Israel /
_c Sociedad Mexicana de Fruticultura
260 _aMéxico :
_b Sociedad Mexicana de Fruticultura,
_c1970
300 _a19 p.
901 _aF 247 1970
902 _aM
905 _a0000001970 MX 0000000000SPA00
942 _c12
942 _c12
999 _c178208
_d178208